| Tag |
First Indicator |
Second Indicator |
Subfields |
| LEADER |
00000cgm a2200000Ia 4500 |
| 001 |
in00001765430 |
| 005 |
20200418063908.0 |
| 007 |
vd cvaizm |
| 008 |
030722s2001 xxu089 e vleng d |
| 020 |
|
|
|a 1559409126
|
| 028 |
4 |
3 |
|a CC1565D
|b Criterion Collection
|
| 035 |
|
|
|a (OCoLC)ocm47213663
|
| 040 |
|
|
|a NTG
|c NTG
|d XFF
|d IBI
|d TXA
|d UtOrBLW
|
| 049 |
|
|
|a TXAM
|
| 090 |
|
|
|a PN1995.9.L6
|b A45 2001
|
| 245 |
0 |
0 |
|a All that heaven allows /
|c Universal-International ; screenplay by Peg Fenwick ; produced by Ross Hunter ; directed by Douglas Sirk.
|
| 246 |
1 |
|
|i Title on container:
|a Douglas Sirk's All that heaven allows
|
| 264 |
|
1 |
|a [United States] :
|b Criterion Collection,
|c [2001]
|
| 264 |
|
4 |
|c ©2001
|
| 300 |
|
|
|a 1 videodisc (89 min.) :
|b sound, color ;
|c 4 3/4 in. +
|e 1 folded sheet ([6] pages : illustrations ; 19 cm.).
|
| 336 |
|
|
|a two-dimensional moving image
|b tdi
|2 rdacontent
|
| 337 |
|
|
|a video
|b v
|2 rdamedia
|
| 338 |
|
|
|a videodisc
|b vd
|2 rdacarrier
|
| 490 |
1 |
|
|a Criterion collection ;
|v 95
|
| 538 |
|
|
|a DVD; Dolby digital mono.
|
| 546 |
|
|
|a English subtitles for the deaf and hearing impaired.
|
| 511 |
1 |
|
|a Jane Wyman, Rock Hudson, Agnes Moorehead, Conrad Nagel, Virginia Grey, Gloria Talbott.
|
| 508 |
|
|
|a Director of photography, Russell Metty; editor, Frank Gross; music, Frank Skinner.
|
| 500 |
|
|
|a Originally released as a motion picture in 1955.
|
| 500 |
|
|
|a Based on the story by Edna L. Lee and Harry Lee.
|
| 500 |
|
|
|a Aspect ratio 1.77:1; enhanced for widescreen TVs.
|
| 500 |
|
|
|a New widescreen digital transfer.
|
| 521 |
8 |
|
|a Not rated.
|
| 520 |
|
|
|a Cary Scott, an attractive and wealthy New England widow, creates a social outcry in her community and within her family when she becomes romantically involved with Ron Kirby, her much younger gardener.
|
| 500 |
|
|
|a Special features: An hour of excerpts from Behind the mirror : a profile of Douglas Sirk, a 1979 BBC documentary featuring rare interview footage with the director -- "Imitation of life : on the films of Douglas Sirk," an illustrated essay by filmmaker Rainer Werner Fassbinder -- A collection of vintage lobby cards and production stills -- Original theatrical trailer -- Exclusive liner notes by noted film theorist Laura Mulvey.
|
| 500 |
|
|
|a Videorecording.
|
| 655 |
|
7 |
|a Romance
|v Feature
|v Videodisc.
|2 migfg
|
| 655 |
|
7 |
|a Video recordings for the hearing impaired.
|2 lcgft
|
| 655 |
|
0 |
|a Motion pictures, American.
|
| 655 |
|
7 |
|a Feature films.
|2 lcgft
|
| 650 |
|
0 |
|a Man-woman relationships
|v Drama.
|
| 700 |
1 |
|
|a Sirk, Douglas,
|d 1897-1987.
|
| 700 |
1 |
|
|a Wyman, Jane,
|d 1917-2007.
|
| 700 |
1 |
|
|a Hudson, Rock,
|d 1925-1985.
|
| 700 |
1 |
|
|a Moorehead, Agnes,
|d 1900-1974.
|
| 700 |
1 |
|
|a Nagel, Conrad,
|d 1897-1970.
|
| 700 |
1 |
|
|a Grey, Virginia,
|d 1917-2004.
|
| 700 |
1 |
|
|a Talbott, Gloria.
|
| 700 |
1 |
|
|a Lee, Edna,
|d 1890-1963.
|t All that heaven allows.
|
| 700 |
1 |
|
|a Fassbinder, Rainer Werner,
|d 1945-1982.
|t Imitation of life.
|
| 710 |
2 |
|
|a Universal-International (Firm)
|
| 710 |
2 |
|
|a Criterion Collection (Firm)
|
| 740 |
0 |
2 |
|a Behind the mirror, a profile of Douglas Sirk.
|
| 740 |
0 |
2 |
|a Imitation of life, on the films of Douglas Sirk.
|
| 830 |
|
0 |
|a Criterion collection (DVD videodiscs) ;
|v 95.
|
| 948 |
|
|
|a cataloged
|b h
|c 2003/10/14
|d c
|e mphillip
|f 11:12:18 am
|
| 994 |
|
|
|a E0
|b TXA
|
| 999 |
|
|
|a MARS
|
| 999 |
f |
f |
|s 93c1ab7d-36fe-3ba5-b0a4-f2865da74912
|i fe2e7b47-2073-3c19-9b28-965158e947d9
|t 0
|
| 952 |
f |
f |
|p dvd
|a Texas A&M University
|b College Station
|c Sterling C. Evans Library
|d Evans: Media and Reserves (Annex 1st floor)
|t 0
|e PN1995.9.L6 A45 2001
|h Library of Congress classification
|i video -- videodisc
|m A14830795721
|
| 998 |
f |
f |
|a PN1995.9.L6 A45 2001
|t 0
|l Evans: Media and Reserves (Annex 1st floor)
|